000 00895nam a2200217Ii 4500
003 JO-AjNU
008 230605s9999||||xx |||||||||||||| ||und||
020 _a9953-1-0019-5
040 _aJO-AjNU
_bara
_erda
_cJO-AjNU
041 _aara
050 1 4 _aHB61.G4.2000
100 3 _aإعداد نبيه غطاس,
_eauthor
_929940
245 0 0 _aمعجم مصطلحات الاقتصاد والمال وإدارة الأعمال : إنجليزي-عربي
250 _aطبعة جديدة 2000
264 3 1 _aبيروت: مكتبة لبنان، 2000
300 _a677ص
336 _atext
_btxt
_2rdacontent
337 _aunmediated
_bn
_2rdamedia
338 _avolume
_bnc
_2rdacarrier
650 4 _aالاقتصاد -- معاجم -- الاقتصاد -- مصطلحات -- المالية -- معاجم -- إدارة الأعمال -- مصطلحات -- إدارة الأعمال -- معاجم
_929941
999 _aA11807
_c15375
_d15375